Statistics for Countdown Teatime Teaser Anagrams!

Click here to take the quiz!

General Stats

  • This quiz has been taken 786 times
  • The average score is 6 of 12

Answer Stats

HintAnswer% Correct
Go Linda! They said, as she was putting the pallets on her truck.. GOLINDALoading
75%
Ed had a long discussion... EDBEDAT..debated
74%
See plenty of shells in summer ... DISEASE..seaside
72%
Teeth when it's cold, or several people making hot air.. RATCHETchatter
71%
glittery ! GELNAPS..spangle
67%
Sea animal that could give one hell of a hug! OUPSCOT...octopus
66%
The opening to an opening! HOYLEEKkeyhole
61%
Natural... GORACINorganic
48%
Obstacles, jump to it! REDLUSH...hurdles
47%
Bruce went somewhere really out of the way on holiday... BRUCESOobscure
29%
Craig ate too.many chillies, that's going to hurt the digestive system! STCRAIG..gastric
28%
L.A White certainly has plenty of 'green'! LAWHITE...wealthy
10%

Score Distribution

Percentile by Number Answered

Percent of People with Each Score

Your Score History

You have not taken this quiz